James Watt, craftsman & engineer.

Bibliographic Details
Main Author: Dickinson, H. W. (Henry Winram), 1870-1952
Format: Book
Language:English
Published: New York : A. M. Kelley, 1967.
Series:Reprints of economic classics
Subjects:

MARC

Tag First Indicator Second Indicator Subfields
LEADER 00000cam a22000001 4500
001 in00000095798
005 20150925085709.0
008 740518r19671936nyuach b 00000beng
010 |a  67027677  
035 |a (OCoLC)00561728 
035 |9 AAL2018AM 
040 |a DLC  |c DLC  |d TXA  |d UtOrBLW 
049 |a TXAM  |c [911892] 
050 0 0 |a TA140.W3  |b D52 1967 
082 0 |a 621.1/0924  |a B 
100 1 |a Dickinson, H. W.  |q (Henry Winram),  |d 1870-1952. 
245 1 0 |a James Watt, craftsman & engineer. 
264 1 |a New York :  |b A. M. Kelley,  |c 1967. 
300 |a xvi, 207 pages :  |b illustrations, facsimiles, portraits ;  |c 23 cm. 
336 |a text  |b txt  |2 rdacontent 
337 |a unmediated  |b n  |2 rdamedia 
338 |a volume  |b nc  |2 rdacarrier 
490 0 |a Reprints of economic classics 
500 |a Reprint of the 1936 edition. 
504 |a Bibliography: pages [201]-202. 
600 1 0 |a Watt, James,  |d 1736-1819. 
650 0 |a Steam-engines  |x History. 
999 |a MARS 
999 f f |s 795331d9-0af3-3ddc-9133-004aeb4bac12  |i 74aa8b73-4744-3585-9e3b-b0004020a8d0  |t 0 
952 f f |p normal  |a Texas A&M University  |b College Station  |c Sterling C. Evans Library  |d Evans: Library Stacks  |t 0  |e TA140.W3 D52 1967  |h Library of Congress classification  |i unmediated -- volume  |m A14805290958 
998 f f |a TA140.W3 D52 1967  |t 0  |l Evans: Library Stacks